000 00621nam a2200193Ia 4500
003 GCL
008 140319s9999 xx 000 0 ara d
040 _aGCL /
_cGCL
082 0 4 _a350.101
_bح ا
100 1 _aحمدى امين عبد الهادى
245 1 0 _aادارة شئون موظفى الدولة اصولها واساليبها واصلاحها /
_cحمدى امين عبد الهادى
260 _a[S.N] :
_bدار الفكر العربى
300 _a282 ص
490 _a
650 0 4 _aالوظائف
650 0 4 _aالاجهزة الادارية
650 0 4 _aالموظفون
942 _2ddc
_cBK
999 _c47431
_d47431